| 000 | 00406nam a22001697a 4500 | ||
|---|---|---|---|
| 003 | OSt | ||
| 005 | 20211202155621.0 | ||
| 008 | 211202b |||||||| |||| 00| 0 eng d | ||
| 020 | _a0712103340 | ||
| 040 | _cHU | ||
| 082 | _a657.3 | ||
| 100 |
_aTaylor. A. H. _921590 |
||
| 245 | _aFINANCIAL AND COST ACCOUNTING FOR MANAGEMENT | ||
| 260 |
_aLONDON _bLTD _c1979 |
||
| 300 | _a371 | ||
| 942 |
_2ddc _cBOOKS _n0 |
||
| 999 |
_c21235 _d21235 |
||